Sea swept / (Record no. 234649)

000 -LEADER
fixed length control field 01430cam a2200385 a 4500
001 - CONTROL NUMBER
control field 14068997
003 - CONTROL NUMBER IDENTIFIER
control field Nust
005 - DATE AND TIME OF LATEST TRANSACTION
control field 20190423105117.0
008 - FIXED-LENGTH DATA ELEMENTS--GENERAL INFORMATION
fixed length control field 050809r20061998nyu 000 1 eng
010 ## - LIBRARY OF CONGRESS CONTROL NUMBER
LC control number 2005053600
020 ## - INTERNATIONAL STANDARD BOOK NUMBER
International Standard Book Number 9780749952570 (pbk.)
038 ## - RECORD CONTENT LICENSOR
Staff Name Arshad
040 ## - CATALOGING SOURCE
Original cataloging agency DLC
Transcribing agency DLC
Modifying agency DLC
043 ## - GEOGRAPHIC AREA CODE
Geographic area code n-us-md
-- n-us-va
050 00 - LIBRARY OF CONGRESS CALL NUMBER
Classification number PS3568.O243
Item number S43 2006
082 00 - DEWEY DECIMAL CLASSIFICATION NUMBER
Classification number 813.54
Author Mark ROB
100 1# - MAIN ENTRY--PERSONAL NAME
Personal name Roberts, Nora.
9 (RLIN) 4521
245 14 - TITLE STATEMENT
Title Sea swept /
Statement of responsibility, etc. Nora Roberts.
260 ## - PUBLICATION, DISTRIBUTION, ETC.
Place of publication, distribution, etc. New York :
Name of publisher, distributor, etc. Berkley Books,
Date of publication, distribution, etc. 2006.
300 ## - PHYSICAL DESCRIPTION
Extent 359 p. ;
Dimensions 23 cm.
505 0# - FORMATTED CONTENTS NOTE
Formatted contents note Sea swept -- Rising tides.
650 #0 - SUBJECT ADDED ENTRY--TOPICAL TERM
Topical term or geographic name entry element Boatbuilding
General subdivision Fiction.
9 (RLIN) 14138
650 #0 - SUBJECT ADDED ENTRY--TOPICAL TERM
Topical term or geographic name entry element Brothers
Form subdivision Fiction.
9 (RLIN) 8009
650 #0 - SUBJECT ADDED ENTRY--TOPICAL TERM
Topical term or geographic name entry element Adoptees
Form subdivision Fiction.
9 (RLIN) 11650
651 #0 - SUBJECT ADDED ENTRY--GEOGRAPHIC NAME
Geographic name Chesapeake Bay Region (Md. and Va.)
Form subdivision Fiction.
9 (RLIN) 14139
651 #0 - SUBJECT ADDED ENTRY--GEOGRAPHIC NAME
Geographic name Eastern Shore (Md. and Va.)
Form subdivision Fiction.
9 (RLIN) 14140
655 #7 - INDEX TERM--GENRE/FORM
Genre/form data or focus term Domestic fiction.
Source of term lcsh
9 (RLIN) 4525
655 #7 - INDEX TERM--GENRE/FORM
Genre/form data or focus term Love stories.
Source of term gsafd
9 (RLIN) 418
700 12 - ADDED ENTRY--PERSONAL NAME
Personal name Roberts, Nora.
Title of a work Rising tides.
9 (RLIN) 14141
856 42 - ELECTRONIC LOCATION AND ACCESS
Materials specified Contributor biographical information
Uniform Resource Identifier <a href="http://www.loc.gov/catdir/enhancements/fy0717/2005053600-b.html">http://www.loc.gov/catdir/enhancements/fy0717/2005053600-b.html</a>
856 42 - ELECTRONIC LOCATION AND ACCESS
Materials specified Publisher description
Uniform Resource Identifier <a href="http://www.loc.gov/catdir/enhancements/fy0717/2005053600-d.html">http://www.loc.gov/catdir/enhancements/fy0717/2005053600-d.html</a>
906 ## - LOCAL DATA ELEMENT F, LDF (RLIN)
a 7
b cbc
c orignew
d 1
e ocip
f 20
g y-gencatlg
942 ## - ADDED ENTRY ELEMENTS (KOHA)
Source of classification or shelving scheme
Koha item type Book
Holdings
Withdrawn status Lost status Source of classification or shelving scheme Damaged status Not for loan Collection code Permanent Location Current Location Shelving location Date acquired Total Checkouts Total Renewals Full call number Barcode Date last seen Date last checked out Copy number Price effective from Koha item type
            Central Library (CL) Central Library (CL) Fiction 03/29/2017 6 2 813.54 ROB CL994 09/01/2025 06/02/2025 1 03/29/2017 Book
© 2023 Central Library, National University of Sciences and Technology. All Rights Reserved.